Statistics for African Countries in Their Native Language

Click here to take the quiz!

General Stats

  • This quiz has been taken 820 times
  • The average score is 48 of 54

Answer Stats

NativeEnglish% Correct
South AfricaSouth Africa
99%
BotswanaBotswana
98%
Burkina FasoBurkina Faso
98%
South SudanSouth Sudan
98%
BurundiBurundi
96%
AngolaAngola
95%
BéninBenin
95%
CamerounCameroon
95%
Cabo VerdeCape Verde
95%
République
centrafricaine
Central African
Republic
95%
EritreaEritrea
95%
GambiaGambia
95%
GhanaGhana
95%
LiberiaLiberia
95%
NigerNiger
95%
NigeriaNigeria
95%
République du CongoRepublic of the Congo
95%
RwandaRwanda
95%
São Tomé
e Príncipe
São Tomé
and Príncipe
95%
TanzaniaTanzania
95%
ZimbabweZimbabwe
95%
GabonGabon
94%
GuinéeGuinea
94%
KenyaKenya
94%
LesothoLesotho
94%
MalaŵiMalawi
94%
MaliMali
94%
NamibiëNamibia
94%
SoomaaliyaSomalia
94%
ZambiaZambia
94%
Côte d'IvoireCote d'Ivoire
93%
République démocratique
du Congo
Democratic Republic
of the Congo
93%
MadagasikaraMadagascar
93%
SénégalSenegal
93%
TogoTogo
93%
Guinea EcuatorialEquatorial Guinea
92%
MoçambiqueMozambique
92%
JabuutiDjibouti
91%
Guiné-BissauGuinea Bissau
91%
MauriceMauritius
91%
SeychellesSeychelles
91%
Sierra LeoneSierra Leone
91%
KomoriComoros
90%
مصرEgypt
84%
SwatiniSwaziland
81%
ኢትዮጵያEthiopia
80%
التونسيةTunisia
79%
المغربMorocco
78%
الجزائرAlgeria
74%
موريتانياMauritania
74%
السودانSudan
72%
دولة ليبياLibya
70%
تشادChad
68%
تونسUganda
23%

Score Distribution

Percentile by Number Answered

Percent of People with Each Score

Your Score History

You have not taken this quiz